000 00968cam a2200157ua 4500
041 _aeng
_h
082 _a691.322
_bIND/SP
110 1 _aIndian Standards Institution .
_b
_c(New Delhi )
245 _aSpecification for coarse and fine aggregates from natural sources of concrete /
_cIndian Standards Institution.
_hTextual Documents
250 _a1 /
_b.
260 _aNew Delhi :
_bIndian Standards Institution ,
_c1987.
300 _a19 ; .
504 _a
942 _cBK
999 _c9702
_d9702